Statistics for Most Common JetPunk Answers - Cities

Click here to take the quiz!

General Stats

  • This quiz has been taken 12,611 times
  • The average score is 16 of 21

Answer Stats

# City % Correct
120New York City
97%
201London
97%
184Paris
97%
138Tokyo
90%
127Los Angeles
90%
156Rome
88%
142Moscow
87%
126Berlin
87%
102Beijing
86%
105Madrid
86%
143Chicago
74%
95Washington D.C.
68%
92Cairo
65%
110San Francisco
62%
96Miami
61%
100Istanbul
57%
93Amsterdam
57%
117Athens
55%
92Dublin
53%
103Boston
51%
93Hong Kong
46%

Score Distribution

Percentile by Number Answered

Percent of People with Each Score

Your Score History

You have not taken this quiz